Գրառումներ իմ կյանքից / (Record no. 526316)
[ view plain ]
| 000 -LEADER | |
|---|---|
| fixed length control field | 01165nam a2200253 a 4500 |
| 001 - CONTROL NUMBER | |
| control field | 000019085 |
| 003 - CONTROL NUMBER IDENTIFIER | |
| control field | AM-YEHGA |
| 005 - DATE AND TIME OF LATEST TRANSACTION | |
| control field | 20260205120050.0 |
| 008 - FIXED-LENGTH DATA ELEMENTS--GENERAL INFORMATION | |
| fixed length control field | 010413s1966 ai o|||gr|||||||0|||arm|| |
| 040 ## - CATALOGING SOURCE | |
| Original cataloging agency | AM-YeHGA |
| 041 0# - LANGUAGE CODE | |
| Language code of text/sound track or separate title | arm |
| 100 1# - MAIN ENTRY--PERSONAL NAME | |
| Personal name | Սարյան, Մարտիրոս Սարգսի, |
| Dates associated with a name | 1880-1972 |
| 9 (RLIN) | 1036 |
| 245 10 - TITLE STATEMENT | |
| Title | Գրառումներ իմ կյանքից / |
| Statement of responsibility, etc. | Մ.Ս. Սարյան. |
| 260 ## - PUBLICATION, DISTRIBUTION, ETC. | |
| Place of publication, distribution, etc. | Երևան : |
| Name of publisher, distributor, etc. | Հայաստան, |
| Date of publication, distribution, etc. | 1966. |
| 300 ## - PHYSICAL DESCRIPTION | |
| Extent | Գիրք ; |
| Dimensions | 23 սմ. |
| 505 10 - FORMATTED CONTENTS NOTE | |
| Miscellaneous information | Գ. 1 (1966, 200 էջ : լուսանկ.) / |
| Statement of responsibility | Խմբ.՝ Վ.Հ. Մաթևոսյան; Առաջաբ.՝ Վ. Մաթևոսյան ; |
| 600 14 - SUBJECT ADDED ENTRY--PERSONAL NAME | |
| Personal name | Սարյան, Մարտիրոս Սարգսի, |
| Dates associated with a name | 1880-1972 |
| 9 (RLIN) | 1036 |
| 650 14 - SUBJECT ADDED ENTRY--TOPICAL TERM | |
| Topical term or geographic name entry element | Հայ արվեստ |
| General subdivision | Գեղանկարչություն |
| 653 0# - INDEX TERM--UNCONTROLLED | |
| Uncontrolled term | Հայ անվանի գեղանկարիչներ |
| 700 1# - ADDED ENTRY--PERSONAL NAME | |
| Personal name | Մաթևոսյան, Վիլհելմ Հարությունի, |
| Dates associated with a name | 1931-2001 |
| Relator term | խմբ. |
| Relationship | edt |
| 9 (RLIN) | 1766 |
| 700 1# - ADDED ENTRY--PERSONAL NAME | |
| Personal name | Մաթևոսյան, Վիլհելմ Հարությունի, |
| Dates associated with a name | 1931-2001 |
| Relator term | առաջաբ. |
| Relationship | aui |
| 9 (RLIN) | 1766 |
| 856 41 - ELECTRONIC LOCATION AND ACCESS | |
| Uniform Resource Identifier | <a href="https://arar.sci.am/dlibra/publication/422821/edition/390069/content">https://arar.sci.am/dlibra/publication/422821/edition/390069/content</a> |
| Link text | Գ․1 |
| 942 ## - ADDED ENTRY ELEMENTS (KOHA) | |
| Source of classification or shelving scheme | Universal Decimal Classification |
| Koha item type | Գրքեր / Books |
| Koha issues (borrowed), all copies | 3 |
| Withdrawn status | Lost status | Source of classification or shelving scheme | Damaged status | Not for loan | Collection | Home library | Current library | Date acquired | Total checkouts | Full call number | Barcode | Date last seen | Price effective from | Koha item type | Public note |
|---|---|---|---|---|---|---|---|---|---|---|---|---|---|---|---|
| Universal Decimal Classification | General | Fundamental Scientific Library | Fundamental Scientific Library | 17/11/2022 | AII/108964 | FL0677593 | 17/11/2022 | 17/11/2022 | Գրքեր / Books | 30 Days Loan |
ՀՀ Գիտությունների ազգային ակադեմիայի հիմնարար գիտական գրադարան = Fundamental Scientific Library of NAS RA
All site content, except where otherwise noted, is licensed under a